000 00842nam a2200253Ia 4500
003 OSt
005 20220923215303.0
006 a|||||r|||| 00| 0
007 ta
008 220922b |||||||| |||| 00| 0 hin d
024 _a177,422
037 _cTextual
040 _aARTS
_cARTS
_bhin
041 _2hin
_ahin
082 _aO152,1L:g, L8
100 _aव्यथित ह्दय
245 0 _aहिन्दी के पा्रचीन प्रतिनिधि कवि
246 _aHindī ke pārachīn pratinidhi kavi
260 _aदिल्ली
_b दिनमान प्रकाशन
_c1978
300 _a192 पृ.
_ccm.
650 _aहिन्दी साहित्य
_9156264
942 _hO152,1L:g, L8
_cTEXL
_2CC
999 _c330810
_d330810